| Tag |
First Indicator |
Second Indicator |
Subfields |
| LEADER |
00000cam a2200000 4500 |
| 001 |
in00000064716 |
| 005 |
20151008050708.0 |
| 008 |
720608s1961 ilu b 00000 eng u |
| 010 |
|
|
|a 61010743
|
| 035 |
|
|
|a (OCoLC)00327322
|
| 035 |
|
|
|9 AAG2692AM
|
| 040 |
|
|
|c YNG
|d OCL
|d TXA
|d UtOrBLW
|
| 049 |
|
|
|a TXAM
|c [400904]
|
| 050 |
|
0 |
|a HG538
|b .P18
|
| 092 |
|
|
|a 332.414
|b P184i
|
| 100 |
1 |
|
|a Palyi, Melchior,
|d 1892-1970.
|
| 245 |
1 |
3 |
|a An inflation primer.
|
| 264 |
|
1 |
|a Chicago :
|b H. Regnery Co.,
|c 1961.
|
| 300 |
|
|
|a 150 pages
|
| 336 |
|
|
|a text
|b txt
|2 rdacontent
|
| 337 |
|
|
|a unmediated
|b n
|2 rdamedia
|
| 338 |
|
|
|a volume
|b nc
|2 rdacarrier
|
| 490 |
0 |
|
|a Institute for Philosophical and Historical Studies. Educational series, no. 1
|
| 504 |
|
|
|a Bibliography: pages 143-144.
|
| 650 |
|
0 |
|a Inflation (Finance)
|z United States.
|
| 999 |
|
|
|a MARS
|
| 999 |
f |
f |
|s 97c54361-6d63-3f1e-a96f-f8dd72456841
|i 909b7923-5508-3453-916f-d2fc5bfbf55d
|t 0
|
| 952 |
f |
f |
|p ric
|a Texas A&M University
|b Rellis Campus
|c Joint Library Facility
|d Remote Storage
|t 0
|e HG538 .P18
|h Library of Congress classification
|i unmediated -- volume
|m A14800733707
|
| 998 |
f |
f |
|a HG538 .P18
|t 0
|l Remote Storage
|